| 000 | 00834nam a2200217 i 4500 | ||
|---|---|---|---|
| 005 | 20200104041506.0 | ||
| 008 | 140114s1997 xxu|||| r|||| 00| 0 eng d | ||
| 040 |
_aCO-BoIAVH _cCO-BoIAVH |
||
| 041 | _aeng | ||
| 044 | _axxu | ||
| 082 | 0 | 4 |
_a598.71 _bT81t |
| 245 | 0 | 2 |
_aA Trial management program for the red-tailed black-cockatoo (Calyptorhynchus banksii) in the northern territory of Australia / _cParks adn Wildlife Commission of the Northern Territory. |
| 260 |
_aSydney _bParks and Wildlife Commission _c1997 |
||
| 300 |
_a27 páginas ; _c30 cm. |
||
| 650 | 1 | 4 |
_aCacatuas _xConservación _zAustralia |
| 650 | 2 | 6 | _aPsittaciformes |
| 650 | 2 | 4 | _aDiversidad biológica |
| 650 | 2 | 4 | _aConservación biológica |
| 710 | 2 | _aParks and Wildlife Commission of the Northern Territory | |
| 942 |
_cLIBRO _2ddc |
||
| 999 |
_c109 _d109 |
||